000 00883nam a22002177a 4500
999 _c9840
_d9840
003 AR-CdUCM
008 190328b ||||| |||| 00| 0 spa d
040 _aMUNICIPALIDAD PROVINCIAL DEL CUSCO
_cBIBLIOTECA MUNICIPAL DEL CUSCO
082 _a346.65 /
_bP13 / 1949
100 _aPacheco Medina, Miguel
_926322
245 _aInquilinato :
_bLegislación y jurisprudencia peruanas sobre desahucio y aviso de despedida de inmuebles urbanos /
260 _aLima :
_bMedina Peruana,
_c1949.
300 _a257 páginas ;
_c24 cm.
505 _aContenido: Abreviaturas -- Indice por materia -- Indice alfabético de la legislación -- Indice alfabético de la jurisprudencia -- Legislación y jurisprudencia -- Jurisprudencia.
650 _aArrendamiento
_926323
650 _aLegislación
_92962
650 _aDerecho
_9739
650 _aPerú
_935
942 _2ddc
_cLIBROS
945 _aachl